000 00321nam a22001457a 4500
020 _a81-8423-009-5
082 _a894.812.3
_bPAD/M
100 _aPADMARAJAN
245 _aMALAYALATHINTE SUVARNNA KATHAKAL
260 _aTHRISSUR
_bGREEEN BOOKS
_c2009
300 _a180
520 _aNOVEL
650 _aNOVEL
942 _cBK
999 _c5112
_d5112